Sports Quiz

Random Sports or Country Quiz
Score 0/9 Timer 02:00
1 Play Today
Year Team % Correct
1975West Indies
94.9%
1983India
94.1%
1979West Indies
92.9%
1987Australia
92.9%
1999Australia
92.7%
1992Pakistan
92.3%
2003Australia
91.5%
2007Australia
91.2%
1996Sri Lanka
90.1%
Remove Ads.
Support Sporcle.
Get the best of Sporcle when you Go Orange. This ad-free experience offers more features, more stats, and more fun while also helping to support Sporcle. Thank you for becoming a member.

You're not logged in!

Compare scores with friends on all Sporcle quizzes.
OR
Log In

Show Comments

Extras

Top Quizzes Today


Score Distribution

Your Account Isn't Verified!

In order to create a playlist on Sporcle, you need to verify the email address you used during registration. Go to your Sporcle Settings to finish the process.

Report this User

Report this user for behavior that violates our Community Guidelines.

Details: